00571 2200205 4500001002100000005001700021006001900038008004100057020002300098035002600121084001700147090001700164100001400181245004400195260003100239300002300270990002400293990002400317990002400341INLIS00000000000267020160906082503.0a ||| | 171130| ||| |  a 978-979-26-7151-3 a 0010-091600000000101 a 028.5 FID M a 028.5 FID M0 a Fidelara00a Cerita Budi Pekerti Mauliate-ma,Inang! b Anaksaleh Pratama c 2008 a 22 Hlm c 24,5 Cm a 24174/APBD.II/2015 a 24173/APBD.II/2015 a 24172/APBD.II/2015